[Event "Aeroflot Open B 2017"]
[Site "Moscow RUS"]
[Date "2017.02.22"]
[Round "2.31"]
[White "Ofitserian, Boris"]
[Black "Ivanov, Oleg V UKR"]
[Result "1-0"]
[WhiteTitle "FM"]
[BlackTitle "IM"]
[WhiteElo "2365"]
[BlackElo "2482"]
[WhiteFideId "24199443"]
[BlackFideId "14110709"]
[EventDate "2017.02.21"]

1. d4 d5 2. c4 c6 3. Nf3 Nf6 4. g3 e6 5. Bg2 Be7 6. O-O O-O 7. Nbd2 b6 8. Qc2
Bb7 9. e4 dxc4 10. Nxc4 Nbd7 11. Rd1 c5 12. e5 Nd5 13. dxc5 Rc8 14. b3 Nxc5 15.
Nd4 Nb4 16. Qe2 Bxg2 17. Kxg2 Qd5+ 18. f3 Qb7 19. Nb5 Qa6 20. Nbd6 Bxd6 21. exd6
b5 22. Na3 Nd5 23. Qxb5 Qxd6 24. Qe2 a5 25. Bb2 Qb8 26. Rac1 a4 27. Bd4 Nd7 28.
bxa4 Qb4 29. Nb5 Rxc1 30. Rxc1 Qxa4 31. Qc4 Qa6 32. Bf2 Rb8 33. Na7 Qxc4 34.
Rxc4 Kf8 35. Rc8+ Rxc8 36. Nxc8 Nc3 37. a3 Na4 38. Kf1 Ne5 39. Ke2 Nc4 40. Be1
Ke8 41. Kd3 Ne5+ 42. Ke4 Nc4 43. Kd3 Ne5+ 44. Ke4 Nc6 45. Bf2 f5+ 46. Kd3 Ne5+
47. Kc2 Kd7 48. Na7 Kd6 49. f4 Nf3 50. Nb5+ Kd5 51. Nc7+ Kc4 52. Nxe6 g6 53. h4
Nh2 54. Nf8 Nc3 55. Nxh7 Ne4 56. Ba7 Nf1 57. Nf8 Nfxg3 58. Nxg6 Nh5 59. Bb6 Nef6
60. Bc7 Nd5 61. Bd6 Ne3+ 62. Kd2 Nd5 63. a4 Nhf6 64. Be5 Ne4+ 65. Ke2 Ng3+ 66.
Kf3 Nh5 67. Nf8 Kb4 68. Ne6 Kxa4 69. Nd4 Ne7 70. Bd6 Ng6 71. Nxf5 Kb5 72. Kg4
Nhxf4 73. Bxf4 Nxh4 74. Kxh4 Kc5 75. Kg4 Kc4 76. Kf3 Kd5 77. Ke3 Kc4 78. Ke4 Kc5
79. Be5 Kc6 80. Kd4 Kb5 81. Kd5 Kb6 82. Nd4 Kb7 83. Kc5 Ka6 84. Kc6 Ka7 85. Kc7
Ka6 86. Bd6 Ka7 87. Nb3 Ka8 88. Nc5 Ka7 89. Nb7 Ka8 90. Bb4 Ka7 91. Nc5 Ka8 92.
Nd7 Ka7 93. Nb6 Ka6 94. Kc6 Ka7 95. Bd6 Ka6 96. Bb8 Ka5 97. Nd5 Ka4 98. Kc5 Kb3
99. Nb4 Kc3 100. Bf4 Kb3 101. Be5 Ka4 102. Kc4 Ka5 103. Bc7+ Ka4 104. Nd3 Ka3
105. Bb6 Ka4 106. Nb2+ Ka3 107. Kc3 Ka2 108. Kc2 Ka3 109. Bc5+ Ka2 110. Bb4 Ka1
111. Nd3 Ka2 112. Nc1+ 1-0

[Event "Aeroflot Open B 2017"]
[Site "Moscow RUS"]
[Date "2017.02.22"]
[Round "2.33"]
[White "Papin, Vasily"]
[Black "Chen, Qi b"]
[Result "1/2-1/2"]
[WhiteTitle "GM"]
[WhiteElo "2456"]
[BlackElo "2328"]
[WhiteFideId "4143183"]
[BlackFideId "8614733"]
[EventDate "2017.02.21"]

1. d4 Nf6 2. c4 g6 3. Nc3 Bg7 4. e4 d6 5. f3 O-O 6. Be3 c5 7. dxc5 dxc5 8. Qxd8
Rxd8 9. Bxc5 Nc6 10. Be3 Nd7 11. Nge2 b6 12. Rc1 Ba6 13. Nf4 Nde5 14. b3 e6 15.
Be2 Nb4 16. O-O Ned3 17. Nxd3 Nxd3 18. Rcd1 Nb4 19. Rxd8+ Rxd8 20. Rc1 Bxc3 21.
Rxc3 Nxa2 22. Rc2 Nb4 23. Rc1 Rd7 24. Kf2 Bb7 25. c5 bxc5 26. Rxc5 Kg7 27. Rc3
Ba6 28. Bxa6 Nxa6 29. Ke2 Rb7 30. Kf2 e5 31. Rd3 Nb4 32. Rc3 Rd7 33. Ke2 Rb7 34.
Rc5 Kf6 35. Bd2 Ke6 36. Rc4 a5 37. Rc5 Kd6 38. Rxa5 Nc6 1/2-1/2

[Event "Aeroflot Open B 2017"]
[Site "Moscow RUS"]
[Date "2017.02.22"]
[Round "2.34"]
[White "Gurvich, Vitaly"]
[Black "Savitskiy, Sergey"]
[Result "1-0"]
[WhiteTitle "FM"]
[BlackTitle "FM"]
[WhiteElo "2342"]
[BlackElo "2415"]
[WhiteFideId "24164852"]
[BlackFideId "24105660"]
[EventDate "2017.02.21"]

1. d4 Nf6 2. c4 g6 3. Nc3 Bg7 4. e4 d6 5. Be2 O-O 6. Bg5 Nbd7 7. Qd2 e5 8. Nf3
c6 9. O-O Re8 10. Rad1 Qe7 11. Rfe1 Qf8 12. Qc2 Nh5 13. Bc1 Nf4 14. Bxf4 exf4
15. Qd2 Bh6 16. Bf1 Nb6 17. h3 Be6 18. b3 Rad8 19. Qb2 a6 20. Bd3 f5 21. exf5
Bxf5 22. Bxf5 Qxf5 23. Qd2 d5 24. cxd5 Nxd5 25. Nxd5 cxd5 26. Rxe8+ Rxe8 27. Rc1
Bg7 28. Qb4 Qd7 29. Qb6 Re7 30. Qa7 Re8 31. Qc5 h6 32. a4 g5 33. b4 Re7 34. b5
axb5 35. axb5 Bf6 36. b6 Kf7 37. Qc7 Qe6 38. Qc5 Qd7 39. Qa5 h5 40. Rc5 g4 41.
Rxd5 Qe8 42. hxg4 hxg4 43. Ne5+ Bxe5 44. dxe5 Kg7 45. Qb4 Qf7 46. Rd4 Rxe5 47.
Rxf4 Re1+ 48. Kh2 g3+ 49. fxg3 Qe7 50. Qd4+ Qe5 51. Qd7+ Qe7 52. Qg4+ Kh6 53.
Rf5 Qe8 54. Qg5+ Kh7 55. Rf4 Qg6 56. Rh4+ Kg7 57. Qf4 Qf6 58. Rh7+ 1-0

[Event "Aeroflot Open B 2017"]
[Site "Moscow RUS"]
[Date "2017.02.22"]
[Round "2.35"]
[White "Mammadova, Gulnar"]
[Black "Hakobyan, Hovhannes H."]
[Result "1/2-1/2"]
[WhiteTitle "IM"]
[WhiteElo "2401"]
[BlackElo "2103"]
[WhiteFideId "13403508"]
[BlackFideId "13306308"]
[EventDate "2017.02.21"]

1. e4 e6 2. d4 d5 3. Nc3 Nf6 4. Bg5 dxe4 5. Nxe4 Be7 6. Bxf6 gxf6 7. Nf3 f5 8.
Nc3 a6 9. Qd2 b5 10. O-O-O Bb7 11. Kb1 Qd6 12. Ne5 Nd7 13. f4 Nxe5 14. fxe5 Qb6
15. Be2 O-O-O 16. Bf3 Bxf3 17. gxf3 c5 18. Ne2 Kb8 19. Rhg1 Rhg8 20. Rxg8 Rxg8
21. Qh6 Qd8 22. Qxh7 Qf8 23. Qh3 Qg7 24. f4 Qg2 25. Qe3 cxd4 26. Nxd4 Bc5 27. a4
bxa4 28. Qd3 Qb7 29. Qc4 a3 30. Nb3 Rc8 31. Qa4 Be3 32. bxa3 Qc6 33. Qxc6 Rxc6
34. Rd8+ Rc8 35. Rd7 Rc7 1/2-1/2

[Event "Aeroflot Open B 2017"]
[Site "Moscow RUS"]
[Date "2017.02.22"]
[Round "2.36"]
[White "Odeev, Handszar"]
[Black "Peng, Shunkai"]
[Result "1/2-1/2"]
[WhiteTitle "GM"]
[BlackTitle "CM"]
[WhiteElo "2397"]
[BlackElo "2137"]
[WhiteFideId "14000091"]
[BlackFideId "8614601"]
[EventDate "2017.02.21"]

1. e4 e5 2. Nf3 Nf6 3. Nxe5 d6 4. Nf3 Nxe4 5. Nc3 Nxc3 6. dxc3 Be7 7. Be3 Nc6 8.
Qd2 Be6 9. O-O-O Qd7 10. Kb1 a6 11. Ne1 O-O-O 12. Nd3 Ne5 13. Nf4 Qc6 14. Nxe6
fxe6 15. f4 Nc4 16. Qd4 Nxe3 17. Qxe3 d5 18. Be2 Bc5 19. Qh3 h5 20. Bf3 Kb8 21.
Rhe1 Rd6 22. Re5 g6 23. Rde1 Rf8 24. Rxe6 Rxe6 25. Qxe6 Qxe6 26. Rxe6 Rxf4 27.
Rxg6 c6 28. Kc1 h4 29. h3 Bf2 30. Kd2 Rf7 31. Re6 Kc7 32. Kd3 Rg7 33. c4 dxc4+
34. Kxc4 Rd7 35. Re2 Bg3 36. c3 Rf7 37. a4 Bd6 38. Re6 Rf4+ 39. Kb3 Rf7 40. Kc2
Re7 41. Rh6 Bg3 42. b4 Be1 43. c4 Rd7 44. b5 axb5 45. axb5 cxb5 46. cxb5 Rd6 47.
Rh7+ Rd7 48. b6+ Kd6 49. Rh5 Bf2 50. Kc3 Ke7 51. Rh7+ Kd6 52. Rh5 Ke7 53. Bxb7
Rd6 54. Rh7+ Kf8 55. Rh8+ Ke7 56. Rh7+ Kf8 57. Rh8+ Ke7 58. Rh7+ Kf8 59. Bf3
Rxb6 60. Kd3 Re6 1/2-1/2

[Event "Aeroflot Open B 2017"]
[Site "Moscow RUS"]
[Date "2017.02.22"]
[Round "2.38"]
[White "Gavrilov, Alexei1"]
[Black "Zhu, Yi"]
[Result "1/2-1/2"]
[WhiteTitle "GM"]
[BlackTitle "FM"]
[WhiteElo "2495"]
[BlackElo "2317"]
[WhiteFideId "4104358"]
[BlackFideId "8607435"]
[EventDate "2017.02.21"]

1. d4 Nf6 2. c4 g6 3. Nc3 Bg7 4. e4 d6 5. Nf3 O-O 6. Be2 Na6 7. O-O e5 8. Be3 c6
9. Re1 Ng4 10. Bg5 Qa5 11. Bh4 Re8 12. d5 Qc7 13. Nd2 h5 14. a3 f6 15. b4 c5 16.
Rb1 Nh6 17. f3 Qe7 18. Bd3 Bd7 19. Bc2 Reb8 20. Ba4 Bc8 21. Bf2 Nf7 22. Bb5 Nc7
23. bxc5 dxc5 24. Ba4 b6 25. Bc6 Bb7 26. Bxb7 Rxb7 27. Nb3 Nd6 28. Qe2 Rab8 29.
Rb2 f5 30. exf5 gxf5 31. Rc2 h4 32. h3 Bf6 33. a4 Kh8 34. Kh1 Rg8 35. Bg1 Rbb8
36. Bh2 Rbe8 37. Nd2 Na6 38. Nb5 Nf7 39. f4 Nb4 40. Rcc1 e4 41. Qh5+ Kg7 42.
Qxf5 Nd3 43. Nxe4 Nxc1 44. Nc7 Nh6 45. Nxe8+ Rxe8 46. Qh5 Nd3 47. Re2 Nf2+ 48.
Rxf2 Qxe4 49. f5 Qe1+ 50. Bg1 Ng8 51. d6 Rd8 52. Re2 Qg3 53. Re4 Qxd6 54. Qg6+
Kh8 55. Qh5+ Kg7 56. Qg6+ Kh8 1/2-1/2

[Event "Aeroflot Open B 2017"]
[Site "Moscow RUS"]
[Date "2017.02.22"]
[Round "2.41"]
[White "Mirzoyan, David"]
[Black "Baghdasaryan, Vahe"]
[Result "1-0"]
[WhiteTitle "FM"]
[BlackTitle "IM"]
[WhiteElo "2308"]
[BlackElo "2462"]
[WhiteFideId "13308386"]
[BlackFideId "13303139"]
[EventDate "2017.02.21"]

1. Nf3 c5 2. c4 g6 3. e4 Bg7 4. d4 cxd4 5. Nxd4 Nc6 6. Be3 d6 7. Nc3 Nf6 8. Be2
O-O 9. O-O Bd7 10. f3 Rc8 11. Qd2 a6 12. Rac1 Nh5 13. Nxc6 Rxc6 14. Rfd1 f5 15.
exf5 gxf5 16. Nd5 Nf6 17. c5 Re8 18. Bc4 e6 19. Nb4 Rxc5 20. Qxd6 Rc8 21. Bg5
Bf8 22. Qg3 Nh5 23. Qh4 Qb6+ 24. Kh1 Ba4 25. b3 Ng7 26. bxa4 Qxb4 27. Bb3 Qxh4
28. Bxh4 Ba3 29. Rxc8 Rxc8 30. Bf6 Rc1 31. Rxc1 Bxc1 32. Bxg7 Kxg7 33. Bxe6 Kf6
34. Bc8 a5 35. Bxb7 f4 36. Kg1 h5 37. g3 fxg3 38. hxg3 Kg5 39. f4+ Kg4 40. Kg2
h4 41. Bc8+ Kh5 42. g4+ Kg6 43. Kf3 h3 44. Bf5+ Kg7 45. Be4 Kf6 46. g5+ Ke6 47.
Kg4 h2 48. Bb7 Bd2 49. f5+ Ke5 50. f6 Bb4 51. Kh5 Kf5 52. Kh6 Bf8+ 53. Kh7 Kxg5
54. Kg8 Bc5 55. f7 Kf6 56. f8=Q+ Bxf8 57. Kxf8 Ke6 58. Ke8 Kd6 59. Kd8 Kc5 60.
Kc7 Kb4 61. Bc6 1-0

[Event "Aeroflot Open B 2017"]
[Site "Moscow RUS"]
[Date "2017.02.22"]
[Round "2.43"]
[White "Esenov, Annaberdi"]
[Black "Faizrakhmanov, Ramil"]
[Result "1-0"]
[WhiteTitle "FM"]
[BlackTitle "FM"]
[WhiteElo "2302"]
[BlackElo "2432"]
[WhiteFideId "14000644"]
[BlackFideId "24103209"]
[EventDate "2017.02.21"]

1. e4 e5 2. Nf3 Nc6 3. Bb5 Nf6 4. O-O Nxe4 5. d4 Nd6 6. Bxc6 dxc6 7. dxe5 Nf5 8.
Qxd8+ Kxd8 9. Rd1+ Ke8 10. Nc3 Ne7 11. h3 Ng6 12. Be3 Be6 13. a3 Be7 14. Rd2 h5
15. Re1 Rd8 16. Nd4 Nxe5 17. Nxe6 fxe6 18. Rde2 Nc4 19. Bc1 Kf7 20. Re4 Nb6 21.
Rxe6 Bf6 22. R6e4 Bxc3 23. Re7+ Kg6 24. bxc3 Nd5 25. R7e6+ Kh7 26. c4 Nb6 27.
R6e4 Nc8 28. c5 Kg6 29. Bf4 Rd7 30. h4 Rf8 31. g3 Kf7 32. Bg5 Rd5 33. Rc4 g6 34.
Rb1 b5 35. cxb6 axb6 36. Rxc6 Rd7 37. Bf4 Ne7 38. Rxc7 Rxc7 39. Bxc7 Nd5 40. Bd6
Rc8 41. Rb2 Ke6 42. Bb4 Ke5 43. Kf1 Kd4 44. Ke2 Rc6 45. Kd2 Rf6 46. f4 Re6 47.
Rb3 Kc4 48. Bf8 Nf6 49. Rb4+ Kd5 50. Kd3 Ng4 51. Rb5+ Kc6 52. Rg5 Nf2+ 53. Kd4
Re4+ 54. Kc3 Re6 55. Re5 Rxe5 56. fxe5 Ne4+ 57. Kd4 Nxg3 58. Ke3 Nf5+ 59. Kf4
Nxh4 60. e6 Ng2+ 61. Kg5 h4 62. Kxg6 Nf4+ 63. Kf7 Nd5 64. Bh6 h3 65. Bf4 Kb5 66.
e7 Nxe7 67. Kxe7 Kc4 68. Kd6 b5 69. Kc6 b4 70. a4 Kc3 71. Kb5 Kxc2 72. Kxb4 1-0

[Event "Aeroflot Open B 2017"]
[Site "Moscow RUS"]
[Date "2017.02.22"]
[Round "2.45"]
[White "Demianjuk, Alexander"]
[Black "Palachev, Petr"]
[Result "1-0"]
[BlackTitle "FM"]
[WhiteElo "2297"]
[BlackElo "2418"]
[WhiteFideId "4134249"]
[BlackFideId "24129003"]
[EventDate "2017.02.21"]

1. e4 e6 2. d4 d5 3. Nd2 Be7 4. Bd3 c5 5. dxc5 Nf6 6. Qe2 O-O 7. Ngf3 a5 8. O-O
Na6 9. e5 Nd7 10. c3 Naxc5 11. Bc2 b5 12. a3 Qc7 13. Re1 Rb8 14. Nd4 b4 15. axb4
axb4 16. N2f3 bxc3 17. bxc3 Bb7 18. Ng5 Ne4 19. Nxe4 dxe4 20. Bxe4 Bxe4 21. Qxe4
Rfc8 22. Bd2 Nb6 23. Rac1 Nc4 24. Bf4 Rb2 25. Re2 Rxe2 26. Qxe2 Qb7 27. h3 Ba3
28. Rd1 Be7 29. Qf3 Qxf3 30. Nxf3 Nb6 31. Rd3 Nd5 32. Bd2 h6 33. g3 Kh7 34. Kg2
Rc5 35. Nd4 Bd8 36. f4 Bb6 37. Kf3 Rc4 38. Nc2 Ra4 39. Nb4 Ne7 40. Rd7 Bc5 41.
Nd3 Ba3 42. Be3 Kg8 43. Ra7 Rxa7 44. Bxa7 Nc6 45. Bc5 Bxc5 46. Nxc5 h5 47. g4
hxg4+ 48. hxg4 g5 49. Nd7 gxf4 50. c4 Kg7 51. Kxf4 Kg6 52. c5 Nb4 53. Ke4 Kg5
54. Nf6 Nc6 55. Ne8 Kh6 56. Nd6 Kg6 57. Kf4 Nb4 58. Ke4 Nc6 59. Nc4 Kg5 60. Kf3
Nd4+ 61. Ke3 Nc6 62. Kf3 Kh6 63. Kf4 Kg6 64. Nd2 Nb4 65. Ke3 Kg5 66. Ne4+ Kxg4
67. Nd6 f6 68. exf6 Nd5+ 69. Kd4 Nxf6 70. c6 Nd5 71. Ke5 Nc7 72. Ne4 Kh5 73. Nc3
Kg6 74. Kd6 Na6 75. Ne4 Kf7 76. Nc5 1-0

[Event "Aeroflot Open B 2017"]
[Site "Moscow RUS"]
[Date "2017.02.22"]
[Round "2.46"]
[White "Davtyan, Artur"]
[Black "Sargsyan, Shant"]
[Result "0-1"]
[WhiteTitle "FM"]
[BlackTitle "CM"]
[WhiteElo "2275"]
[BlackElo "2399"]
[WhiteFideId "13308327"]
[BlackFideId "13306766"]
[EventDate "2017.02.21"]

1. Nf3 Nf6 2. c4 b6 3. g3 Bb7 4. Bg2 g6 5. O-O Bg7 6. d4 O-O 7. Re1 e6 8. Nc3
Ne4 9. Qc2 Nxc3 10. bxc3 d6 11. e4 Nd7 12. Ba3 c5 13. Rad1 Qc7 14. Qa4 Rad8 15.
Re2 h6 16. h3 Rfe8 17. Kh2 Rc8 18. Rc1 Nb8 19. Ree1 Re7 20. Bb2 a6 21. Qd1 Rce8
22. Qd3 Qd7 23. Qc2 Nc6 24. Rcd1 Qc8 25. Qd3 Na5 26. Nd2 Bc6 27. Ba3 Rb7 28. Nb3
Nxc4 29. Bc1 Bb5 30. Qf3 Rc7 31. Bf1 cxd4 32. cxd4 Qd7 33. Bd3 Rec8 34. Bb1 a5
35. Kg2 Qe7 36. h4 e5 37. d5 Bd7 38. h5 g5 39. g4 b5 40. Bd3 Ra8 41. Nd2 Nb6 42.
Nf1 Na4 43. Ne3 b4 44. Rd2 Rac8 45. Rc2 Nc5 46. Bf1 Ba4 47. Rc4 Qd7 48. Bd2 Bb5
49. Rc2 Bd3 50. Rxc5 Bxf1+ 51. Rxf1 Rxc5 52. Nf5 Rc2 53. Qd3 Rxa2 54. Bxg5 hxg5
55. h6 Ra3 56. Qa6 Bf8 57. h7+ Kh8 0-1

[Event "Aeroflot Open B 2017"]
[Site "Moscow RUS"]
[Date "2017.02.22"]
[Round "2.47"]
[White "Maltsevskaya, Aleksandra"]
[Black "Stathopoulos, Ioannis"]
[Result "0-1"]
[BlackTitle "FM"]
[WhiteElo "2259"]
[BlackElo "2387"]
[WhiteFideId "24174041"]
[BlackFideId "4223098"]
[EventDate "2017.02.21"]

1. e4 c5 2. Nf3 d6 3. d4 cxd4 4. Nxd4 Nf6 5. Nc3 a6 6. h3 e5 7. Nde2 h5 8. Bg5
Be6 9. Bxf6 Qxf6 10. Nd5 Qd8 11. Nec3 Nc6 12. Bc4 g6 13. O-O Bg7 14. Ne3 O-O 15.
Qd3 Rc8 16. Bxe6 fxe6 17. Rad1 Nd4 18. Ne2 d5 19. Nc3 b5 20. a3 a5 21. exd5 b4
22. axb4 axb4 23. Ne2 exd5 24. Nxd4 exd4 25. Qxg6 dxe3 26. Qe6+ Rf7 27. fxe3 Qe8
28. Qxd5 Rxc2 29. Rf3 Rc7 30. Rdf1 Qe5 31. Qa8+ Bf8 32. Qa2 Qg7 33. Qb3 Rd7 34.
Kh1 Rc7 35. Kg1 Bd6 36. Rxf7 Rxf7 37. Qd5 Bf8 38. Qe6 Be7 39. Kh1 Bf6 40. Qb3
Be7 41. Qe6 Bf6 42. Qb3 Be5 43. Rf5 Bg3 44. Qd5 Bh4 45. Qe6 Bf6 46. Rf4 Kh8 47.
Qf5 Qh7 48. Qxh7+ Kxh7 49. g4 Kg7 50. Rxb4 h4 51. Rf4 Kg6 52. b4 Re7 53. e4 Rb7
54. e5 Bxe5 55. Re4 Bg3 56. Kg2 Rd7 57. Re2 Rd3 58. Rb2 Be5 59. Re2 Rg3+ 60. Kf1
Kf6 61. g5+ Rxg5 62. Re4 Bg3 63. Kg2 Rd5 64. Kf3 Kf5 65. Re3 Rd4 66. Rb3 Rd2 67.
b5 Rf2+ 68. Ke3 Rh2 69. b6 Be5 70. Rb5 Rxh3+ 71. Kf2 Ke6 72. b7 Bb8 73. Rb4 Kd7
74. Rb5 Ra3 75. Rh5 Rb3 76. Kg2 Bg3 77. Rh7+ Ke6 78. Kh3 Kf5 79. Rf7+ Ke6 80.
Rh7 Rb2 81. Kg4 Kd5 82. Rd7+ Ke5 83. Re7+ Kf6 84. Rh7 Rb4+ 85. Kh3 Kf5 86. Rf7+
Ke4 87. Re7+ Kf3 88. Rf7+ Bf4 89. Kxh4 Rb5 90. Rg7 Rb6 91. Rh7 Ke4 92. Rf7 Be5
93. Kg5 Kd5 94. Rh7 Kc6 95. Kf5 Bc7 96. Rh6+ Bd6 97. Rh7 Rb1 98. Ke4 Bc7 99.
Rh6+ Kxb7 100. Kd5 Bb6 101. Kc4 Ka6 102. Rg6 Ka5 103. Rg5+ Ka4 104. Rg2 Rc1+
105. Kd5 Ba5 106. Kd4 Kb5 107. Rg5+ Kb4 108. Rg3 Rd1+ 109. Rd3 Bb6+ 110. Ke4
Re1+ 111. Kd5 Re8 112. Rh3 Rd8+ 113. Ke5 Kc4 114. Rh4+ Bd4+ 115. Ke4 Re8+ 116.
Kf3 Kd3 117. Rf4 Be5 118. Rf5 Kd4 119. Rf7 Re6 120. Rd7+ Bd6 121. Ra7 Re3+ 122.
Kg4 Bc5 123. Rd7+ Ke5 124. Rd8 Re4+ 125. Kg3 Be7 126. Ra8 Bd6 127. Re8+ Kf5+ 0-1

[Event "Aeroflot Open B 2017"]
[Site "Moscow RUS"]
[Date "2017.02.22"]
[Round "2.48"]
[White "Charochkina, Daria"]
[Black "Narva, Mai"]
[Result "1-0"]
[WhiteTitle "IM"]
[BlackTitle "WIM"]
[WhiteElo "2383"]
[BlackElo "2241"]
[WhiteFideId "4180917"]
[BlackFideId "4500512"]
[EventDate "2017.02.21"]

1. d4 Nf6 2. Bf4 d5 3. e3 e6 4. Nf3 Bd6 5. Nbd2 O-O 6. Bg3 c5 7. c3 Nc6 8. Bb5
Ne7 9. Bd3 Nf5 10. Be5 Ng4 11. Bxd6 Qxd6 12. e4 dxe4 13. Nxe4 Qb6 14. Nfd2 Ngh6
15. Nc4 Qc6 16. Ne5 Qd5 17. Nxc5 Qxg2 18. Be4 Qg5 19. Qd2 Qxd2+ 20. Kxd2 Nd6 21.
Bg2 f6 22. Ned3 Rb8 23. Rhe1 e5 24. Bd5+ Kh8 25. dxe5 fxe5 26. Rxe5 Ng4 27. Re7
Nxh2 28. Rh1 Ng4 29. f3 Nf6 30. Bb3 Bf5 31. Ne5 Rbe8 32. Rxe8 Rxe8 33. Nxb7 Nxb7
34. Nf7+ Kg8 35. Nd6+ Kf8 36. Nxf5 Nc5 37. Bc4 Ncd7 38. Nd4 Ne5 39. Bb3 Ke7 40.
Re1 Kd6 41. Kc2 g6 42. Ba4 Re7 43. Rd1 Kc7 44. Bb3 Kb7 45. Ne6 Nc6 46. a4 h5 47.
Rd6 Ne8 48. Nc5+ Kb6 49. a5+ Kc7 50. Rxg6 Re2+ 51. Kd1 Re5 52. Ne6+ Kc8 53. Ba4
Ne7 54. Rg5 Rxg5 55. Nxg5 Nd6 56. Kc2 h4 57. Bb3 Kc7 58. Be6 Nb5 59. Kd3 Nc6 60.
b4 Kd6 61. f4 Nc7 62. Bb3 Ke7 63. Ba4 Nd8 64. c4 Nde6 65. Nxe6 Kxe6 66. Ke3 Na6
67. b5 Nc5 68. Bc2 Kd6 69. Bf5 Nb3 70. a6 Kc5 71. Be6 Kb6 72. Kf2 Nd4 73. f5 Kc5
74. Kg2 Kd6 75. b6 Nc6 76. Bd5 1-0

[Event "Aeroflot Open B 2017"]
[Site "Moscow RUS"]
[Date "2017.02.22"]
[Round "2.49"]
[White "Kakageldyev, Amanmurad"]
[Black "Sigfusson, Sigurdur"]
[Result "1/2-1/2"]
[WhiteTitle "IM"]
[BlackTitle "FM"]
[WhiteElo "2374"]
[BlackElo "2226"]
[WhiteFideId "14000024"]
[BlackFideId "2300168"]
[EventDate "2017.02.21"]

1. d4 Nf6 2. c4 g6 3. Nc3 Bg7 4. e4 d6 5. Nge2 O-O 6. Ng3 e5 7. d5 a5 8. Be2 Na6
9. O-O Nc5 10. Be3 b6 11. Qd2 Re8 12. f3 Ba6 13. b3 Qe7 14. Rab1 Bc8 15. Bd1 Rf8
16. a3 Ne8 17. b4 Nd7 18. Bc2 Nb8 19. Rfe1 f6 20. Bd3 Qf7 21. Bf1 f5 22. exf5
gxf5 23. f4 axb4 24. axb4 Nd7 25. Be2 exf4 26. Bxf4 Ne5 27. Rf1 Ng6 28. Bh6 f4
29. Bxg7 Qxg7 30. Nh5 Qe5 31. Rbe1 Ra3 32. Nd1 f3 33. Bxf3 Raxf3 34. Rxf3 Qxh5
35. Rxf8+ Kxf8 36. Qf2+ Kg7 37. Rf1 Qe5 38. Qf7+ Kh6 39. h3 Bxh3 40. gxh3 Qg3+
41. Kh1 Qxh3+ 42. Kg1 Qg3+ 1/2-1/2

[Event "Aeroflot Open B 2017"]
[Site "Moscow RUS"]
[Date "2017.02.22"]
[Round "2.52"]
[White "Bogaudinov, Rushan"]
[Black "Yeletsky, Ivan"]
[Result "0-1"]
[BlackTitle "FM"]
[WhiteElo "2241"]
[BlackElo "2369"]
[WhiteFideId "4129288"]
[BlackFideId "24180327"]
[EventDate "2017.02.21"]

1. e4 e5 2. Nf3 Nc6 3. Bb5 g6 4. d4 exd4 5. Nxd4 Bg7 6. c3 Nge7 7. O-O O-O 8.
Bg5 Nxd4 9. cxd4 h6 10. Bh4 c6 11. Ba4 d5 12. exd5 cxd5 13. Nc3 g5 14. Bg3 Nc6
15. Re1 Bf5 16. Bxc6 bxc6 17. Be5 Re8 18. Bxg7 Kxg7 19. Rxe8 Qxe8 20. Qd2 Qe7
21. Re1 Qb4 22. Re5 Bg6 23. h4 gxh4 24. f4 f6 25. Re6 c5 26. dxc5 Qxc5+ 27. Kh2
Bf7 28. Ra6 Re8 29. Qd1 h5 30. Qg1 Qxg1+ 31. Kxg1 d4 32. Nb5 d3 33. Nc3 Rd8 34.
Rxa7 d2 35. Nd1 Re8 36. Kf2 Re1 37. Nc3 d1=Q 38. Nxd1 Rxd1 39. Ke2 Rg1 40. Kf2
Rc1 41. b3 Rc2+ 42. Kf3 Kf8 43. Ra8+ Be8 44. b4 Ke7 45. Ra7+ Kd6 46. a4 Bc6+ 47.
Ke3 Ra2 48. Rh7 Rxa4 49. Rxh5 Rxb4 50. Rxh4 Bxg2 51. Rh2 Bd5 52. Rh6 Ke6 53. Rh8
Bc6 54. Rc8 Kd7 55. Rf8 0-1

[Event "Aeroflot Open B 2017"]
[Site "Moscow RUS"]
[Date "2017.02.22"]
[Round "2.55"]
[White "Kakabaev, Mergen"]
[Black "Basencyan, Mark"]
[Result "1-0"]
[WhiteTitle "FM"]
[WhiteElo "2329"]
[BlackElo "2191"]
[WhiteFideId "14002990"]
[BlackFideId "13300725"]
[EventDate "2017.02.21"]

1. e4 Nc6 2. Nf3 d6 3. d4 Nf6 4. Nc3 g6 5. h3 Bg7 6. Bd3 O-O 7. O-O e5 8. Be3
Re8 9. d5 Ne7 10. Ne2 Nexd5 11. exd5 e4 12. Bxe4 Nxe4 13. c3 c5 14. dxc6 bxc6
15. Bd4 Bh6 16. Ng3 Nxg3 17. fxg3 Ba6 18. Re1 Rxe1+ 19. Qxe1 c5 20. Be3 Bg7 21.
Rd1 Qb6 22. Bf4 Qxb2 23. Rxd6 Qc2 24. Qd2 Qxd2 25. Nxd2 Bb5 26. c4 Ba4 27. Nb3
Bxb3 28. axb3 Bd4+ 29. Kf1 a5 30. Bh6 f5 31. g4 fxg4 32. hxg4 Rb8 33. Ra6 Rxb3
34. Rxa5 Rb4 35. Ke2 Rxc4 36. Kd3 Rc3+ 37. Ke4 Rc2 38. Kd5 Rxg2 39. g5 Kf7 40.
Kd6 c4 41. Ra8 Bc5+ 42. Kxc5 c3 43. Kd6 Rd2+ 44. Ke5 c2 45. Rc8 Re2+ 46. Kd4 Ke6
47. Kd3 Rg2 48. Rxc2 Rg3+ 49. Ke4 Rg4+ 50. Kf3 Ra4 51. Rc7 Ra3+ 52. Ke4 Ra4+ 53.
Kd3 Ra3+ 54. Kc4 Kf5 55. Rxh7 Ra4+ 56. Kb5 Ra2 57. Rd7 Kg4 58. Rd5 Kh5 59. Bg7
Rg2 60. Bf6 Rc2 61. Rc5 Rd2 62. Kc6 Rd3 63. Rd5 Ra3 64. Kd7 Ra7+ 65. Ke6 Ra6+
66. Kf7 Ra7+ 67. Be7 Rb7 68. Rd1 Ra7 69. Rh1+ Kg4 70. Kxg6 Rxe7 71. Kf6 Ra7 72.
g6 Ra6+ 73. Kf7 Ra7+ 74. Kg8 Kg5 75. g7 Kg6 76. Kh8 1-0

[Event "Aeroflot Open B 2017"]
[Site "Moscow RUS"]
[Date "2017.02.23"]
[Round "3.2"]
[White "Levin, Evgeny A."]
[Black "Lugovskoy, Maxim"]
[Result "1/2-1/2"]
[WhiteTitle "GM"]
[BlackTitle "IM"]
[WhiteElo "2506"]
[BlackElo "2447"]
[WhiteFideId "4182596"]
[BlackFideId "24126454"]
[EventDate "2017.02.21"]

1. d4 d5 2. c4 e6 3. Nc3 a6 4. cxd5 exd5 5. Nf3 c6 6. Bf4 Bd6 7. Bxd6 Qxd6 8. e4
Ne7 9. e5 Qh6 10. g3 O-O 11. Bg2 f6 12. O-O Bg4 13. Qb3 b5 14. exf6 Qxf6 15. Ne4
Qh6 16. Ne5 Be2 17. Rfe1 Bc4 18. Nxc4 dxc4 19. Qa3 Nd5 20. f4 Nd7 21. Ng5 Qf6
22. Rad1 Rfe8 23. Be4 Nf8 24. Nf3 Red8 25. Ne5 a5 26. Qf3 a4 27. a3 Rab8 28. Rf1
b4 29. Nxc4 bxa3 30. Qxa3 Ne6 31. Ne5 Ne7 32. Ng4 Qf7 33. Ne5 Qf6 34. Ng4 Qf7
35. Qxa4 Rxb2 36. Qc4 Nd5 37. Qxc6 Rb6 38. Qc4 Rb4 39. Qc2 Nxd4 40. Bxh7+ Kh8
41. Qg6 Ne2+ 42. Kg2 1/2-1/2

[Event "Aeroflot Open B 2017"]
[Site "Moscow RUS"]
[Date "2017.02.23"]
[Round "3.3"]
[White "Atabayev, Maksat"]
[Black "Mikaelyan, Arman"]
[Result "1/2-1/2"]
[WhiteTitle "GM"]
[BlackTitle "IM"]
[WhiteElo "2492"]
[BlackElo "2442"]
[WhiteFideId "14001101"]
[BlackFideId "13304852"]
[EventDate "2017.02.21"]

1. e4 e5 2. Nf3 Nc6 3. Bb5 a6 4. Ba4 Nf6 5. d3 d6 6. c4 g6 7. h3 Bg7 8. Nc3 O-O
9. O-O Nd4 10. Nxd4 exd4 11. Ne2 Nd7 12. Ng3 Nc5 13. Bc2 a5 14. f4 f5 15. exf5
Bxf5 16. Nxf5 Rxf5 17. Bd2 d5 18. cxd5 Qxd5 19. b3 Kh8 20. a3 Raf8 21. b4 axb4
22. axb4 Ne6 23. Bb3 Qd6 24. g3 c6 25. Ra7 Qb8 26. Ra5 Nc7 27. Rxf5 Rxf5 28. Re1
Nd5 29. Bxd5 Rxd5 30. Re4 Bf6 31. Qe2 Kg7 32. Kg2 Qc8 33. g4 Kf7 34. Be1 Qd7 35.
Qa2 h6 36. Bf2 Kg7 37. Qa7 Kf7 38. Qa1 Qd6 39. Be1 c5 40. Qa2 Kg7 41. b5 Qd7 42.
Qc4 Rd6 43. Bd2 b6 44. Be1 h5 45. Kf3 Qb7 46. Qa2 Rd7 47. Qe6 hxg4+ 48. hxg4 Re7
49. Qc6 Qxc6 50. bxc6 Kf7 51. f5 gxf5 52. gxf5 Ke8 53. Bg3 b5 54. Bd6 Rxe4 55.
dxe4 b4 56. Bxc5 b3 57. Ba3 d3 58. Ke3 b2 59. Bxb2 Bxb2 60. Kxd3 Ke7 1/2-1/2